Asmara ing taman paradiso / (Record no. 85165)

MARC details
000 -LEADER
fixed length control field 00593cam a22002171a 4500
001 - CONTROL NUMBER
control field sa 68013544
003 - CONTROL NUMBER IDENTIFIER
control field DLC
005 - DATE AND TIME OF LATEST TRANSACTION
control field 20260227112622.0
008 - FIXED-LENGTH DATA ELEMENTS--GENERAL INFORMATION
fixed length control field 950322s1966 io 000 1 jav
010 ## - LIBRARY OF CONGRESS CONTROL NUMBER
LC control number sa 68013544
025 ## - OVERSEAS ACQUISITION NUMBER
Overseas acquisition number PL480:Indo-4869
035 ## - SYSTEM CONTROL NUMBER
System control number (OCoLC)32187101
040 ## - CATALOGING SOURCE
Original cataloging agency DLC
Transcribing agency WU
Modifying agency DLC
042 ## - AUTHENTICATION CODE
Authentication code premarc
050 00 - LIBRARY OF CONGRESS CALL NUMBER
Classification number PL5179.S84
Item number A9
100 0# - MAIN ENTRY--PERSONAL NAME
Personal name Sudharma K. D.,
Dates associated with a name 1934-
245 10 - TITLE STATEMENT
Title Asmara ing taman paradiso /
Statement of responsibility, etc. karjané Sudharma K.D.; gambar Jono S. Wijono.
250 ## - EDITION STATEMENT
Edition statement Tjaptjapan 1.
260 ## - PUBLICATION, DISTRIBUTION, ETC.
Place of publication, distribution, etc. [Sala] :
Name of publisher, distributor, etc. P. Kondang,
Date of publication, distribution, etc. 1966.
300 ## - PHYSICAL DESCRIPTION
Extent 40 p. ;
Dimensions 15 cm.

No items available.

Powered by Koha